000 00308nam a2200121Ia 4500
008 191201s1986 xx 000 0 und d
100 _aBHATIA, VS
245 0 _aStatistical Physics and Thermodynamics
260 _aN. Delhi
_bSehon Lal Nagin Chand
_c1986
300 _a158
650 _aApplied
942 _2ddc
_cBK
999 _c576
_d576